书目信息 |
| 题名: |
冠心病防治260问
|
|
| 作者: | 范利 主编 ;张玉珍 编著 | |
| 分册: | ||
| 出版信息: | 北京 金盾出版社 1991.9 |
|
| 页数: | 186页 | |
| 开本: | 19cm | |
| 丛书名: | ||
| 单 册: | ||
| 中图分类: | R543.301-44 , R541.6-44 | |
| 科图分类: | ||
| 主题词: | 冠心病--防治--问答 , 心脏血管疾病 | |
| 电子资源: | ||
| ISBN: | 7-80022-354-X | |
| 000 | 00956nam0 2200301 45 | |
| 001 | 0192003343 | |
| 005 | 20040524144534.2 | |
| 010 | @a7-80022-354-X@dCNY3.50 | |
| 020 | @aCN@b92003343 | |
| 092 | @a科技255-137 | |
| 100 | @a19920701d1991 em y0chiy0121 ea | |
| 101 | 0 | @achi |
| 102 | @aCN@b110000 | |
| 105 | @ay z 000yy | |
| 106 | @ar | |
| 200 | 10 | @a冠心病防治260问@Aguan xin bing fang zhi 260 wen@f范 利主编@Ffan li zhu bian@g张玉珍等编著 |
| 210 | @a北京@c金盾出版社@d1991.9 | |
| 215 | @a186页@d19cm | |
| 330 | @a本书以问答的形式,系统介绍了冠心病的病因、临床表现、检查诊断、治疗抢救以及预防保养等方面的基本知识。 | |
| 540 | 1 | @a冠心病 防治@Aguan xin bing fang zhi |
| 606 | @a冠心病@x防治@x问答 | |
| 606 | 0 | @a心脏血管疾病 |
| 690 | @aR543.301-44@v3 | |
| 690 | @aR541.6-44 | |
| 701 | 0 | @a范利@Afan li@4主编 |
| 702 | 0 | @a张玉珍@Azhang yu zhen@4编著 |
| 801 | 0 | @aCN@bNLC@c19920701 |
| 905 | @f1@b269404@dR541.6-44@f1@b269405@e48 | |
| 冠心病防治260问/范 利主编/张玉珍等编著.-北京:金盾出版社,1991.9 |
| 186页;19cm |
| ISBN 7-80022-354-X:CNY3.50 |
| 本书以问答的形式,系统介绍了冠心病的病因、临床表现、检查诊断、治疗抢救以及预防保养等方面的基本知识。 |
| ● |
| 相关链接 |
|
|
|
|
正题名:冠心病防治260问
索取号:R541.6-44/48
 
预约/预借
| 序号 | 登录号 | 条形码 | 馆藏地/架位号 | 状态 | 备注 |
| 1 | 0269403 | 000713035 | 第二样本阅览室/ [索取号:R541.6-44/48] | 在馆 | |
| 2 | 0269404 | 000712946 | 第三借阅区/ [索取号:R541.6-44/48] | 在馆 | |
| 3 | 0269405 | 000713044 | 第三借阅区/ [索取号:R541.6-44/48] | 在馆 |